[Event "Sparkassen-Open B"]
[Site "Heusenstamm, Martinsee"]
[Date "2023.11.25"]
[Round "5.51"]
[White "Baumgart, Jost"]
[Black "Manasek, Martin"]
[Result "1-0"]
[WhiteElo "1411"]
[BlackElo "1500"]
[PlyCount "85"]
[EventDate "2023.??.??"]
[WhiteTeam "SK Marburg 1931/72"]
[BlackTeam "SC Flörsheim 1921"]

1. e4 c6 2. d4 d5 3. e5 Bf5 4. Bd3 Bxd3 5. Qxd3 e6 6. f4 Bb4+ 7. Bd2 Bxd2+ 8. Nxd2 Ne7 9. Ngf3 Nd7 10. O-O Qb6 11. c4 c5 12. Qb3 O-O 13. Rac1 Rac8 14. g3 Rc7 15. Rc2 Rfc8 16. Rfc1 cxd4 17. Qxb6 axb6 18. Nxd4 dxc4 19. Nb5 Rc5 20. Nd6 R8c7 21. N2e4 R5c6 22. Nb5 Nd5 23. Nxc7 Rxc7 24. Rxc4 Rxc4 25. Rxc4 h6 26. Rc8+ Kh7 27. Rd8 Nc5 28. Nxc5 bxc5 29. Rd7 b5 30. Rxf7 c4 31. Rb7 b4 32. Kf2 c3 33. bxc3 bxc3 34. Ke2 Kg6 35. a4 Kf5 36. a5 Ke4 37. a6 c2 38. Kd2 Ne3 39. a7 Kf3 40. Rb3 Kf2 41. Rxe3 c1=Q+ 42. Kxc1 Kxe3 43. a8=Q 1-0

[Event "Sparkassen-Open B"]
[Site "Heusenstamm, Martinsee"]
[Date "2023.11.25"]
[Round "5.52"]
[White "Junkers, Günter"]
[Black "Wiencken, Marcus"]
[Result "1-0"]
[WhiteElo "1192"]
[BlackElo "1232"]
[PlyCount "53"]
[EventDate "2023.??.??"]
[WhiteTeam "SSG Rödermark/Eppertshausen"]
[BlackTeam "Schachforum Darmstadt 1994"]

1. e4 e5 2. Nf3 Nc6 3. d4 exd4 4. Nxd4 Nf6 5. Nxc6 bxc6 6. e5 Nd5 7. Bd3 Bc5 8. O-O O-O 9. Qe2 Qh4 10. Be3 Nxe3 11. fxe3 d6 12. exd6 Bxd6 13. g3 Qb4 14. b3 Qb6 15. Kf2 Re8 16. Nd2 Be6 17. Kg2 Bd5+ 18. e4 Be6 19. Bc4 Qc5 20. Bxe6 Rxe6 21. Qc4 Qg5 22. Qd3 Rd8 23. Rad1 Be5 24. Qf3 Rf6 25. Qe2 Rg6 26. Nf3 Qg4 27. Rxd8# 1-0

[Event "Sparkassen-Open B"]
[Site "Heusenstamm, Martinsee"]
[Date "2023.11.26"]
[Round "6.1"]
[White "Hensel, Roman"]
[Black "Steinbrenner, Peter"]
[Result "0-1"]
[WhiteElo "1474"]
[BlackElo "1718"]
[PlyCount "68"]
[EventDate "2023.??.??"]
[WhiteTeam "SV Oberursel"]
[BlackTeam "SG Kaiserslautern 1905"]

1. d4 Nf6 2. c4 e6 3. Nf3 Bb4+ 4. Bd2 Bxd2+ 5. Qxd2 d5 6. Nc3 O-O 7. e3 b6 8. cxd5 exd5 9. Bd3 Bb7 10. O-O Nbd7 11. Rac1 Rc8 12. Qe2 c5 13. Nb5 c4 14. Bb1 Ba6 15. Nc3 b5 16. Qc2 g6 17. a3 Qb6 18. Ne5 Bb7 19. f4 a5 20. Qf2 b4 21. Na4 Qd6 22. Qh4 bxa3 23. Rf3 Rfe8 24. Nxd7 Nxd7 25. f5 axb2 26. Rcf1 Nf8 27. f6 h5 28. Rg3 c3 29. Nxc3 Rxc3 30. Qg5 Rc1 31. Rh3 Rxf1+ 32. Kxf1 Nh7 33. Qh6 Qxf6+ 34. Rf3 Qg5 0-1

[Event "Sparkassen-Open B"]
[Site "Heusenstamm, Martinsee"]
[Date "2023.11.26"]
[Round "6.2"]
[White "Welther, Patrick"]
[Black "Köberl, Christiane"]
[Result "1/2-1/2"]
[WhiteElo "1420"]
[BlackElo "1496"]
[PlyCount "37"]
[EventDate "2023.??.??"]
[WhiteTeam "SC 1934 Gelnhausen"]
[BlackTeam "SK Klingenberg"]

1. Nf3 d6 2. g3 e5 3. d3 Nf6 4. Bg2 c6 5. c4 Be7 6. Nc3 O-O 7. O-O h6 8. e4 Be6 9. h3 Nbd7 10. Be3 Re8 11. Qd2 Nf8 12. Kh2 Qd7 13. Ng1 d5 14. cxd5 cxd5 15. d4 exd4 16. Qxd4 dxe4 17. Qxd7 N6xd7 18. Nxe4 Bf5 19. Nc3 1/2-1/2

[Event "Sparkassen-Open B"]
[Site "Heusenstamm, Martinsee"]
[Date "2023.11.26"]
[Round "6.3"]
[White "de la Chevallerie, Gilbert"]
[Black "Michalski, Uwe"]
[Result "0-1"]
[WhiteElo "1552"]
[BlackElo "1677"]
[PlyCount "61"]
[EventDate "2023.??.??"]
[WhiteTeam "SV 1920 Hofheim"]
[BlackTeam "Sfr.Mainz 1928"]

1. c4 e5 2. g3 d6 3. Bg2 Nc6 4. Nc3 Nf6 5. d3 Be7 6. Nf3 O-O 7. O-O Ne8 8. Nd5 f5 9. Nxe7+ Nxe7 10. Qb3 Kh8 11. c5 Ng6 12. Ng5 Qe7 13. Bd5 h6 14. cxd6 cxd6 15. Nf3 Nf6 16. Bd2 f4 17. Bb4 Bh3 18. Rfc1 fxg3 19. hxg3 Ng4 20. Be4 Qf6 21. Be1 h5 22. Bxg6 Qxg6 23. Qxb7 Rab8 24. Qe7 Rf6 25. Qxa7 Rbf8 26. Nh4 Qg5 27. f3 Nh6 28. Rc2 Nf5 29. Kh2 Bf1 30. Nxf5 Qxf5 31. Qg1 0-1

[Event "Sparkassen-Open B"]
[Site "Heusenstamm, Martinsee"]
[Date "2023.11.26"]
[Round "6.4"]
[White "Himmelspacht, Maxim"]
[Black "Stehning, Michel"]
[Result "1-0"]
[WhiteElo "1574"]
[BlackElo "1571"]
[PlyCount "123"]
[EventDate "2023.??.??"]
[WhiteTeam "SK 1858 Gießen"]
[BlackTeam "SF Braunfels"]

1. e4 c6 2. d4 d5 3. exd5 cxd5 4. Bd3 Nc6 5. c3 Nf6 6. Bf4 Bg4 7. Qb3 Qd7 8. Nd2 e6 9. Ngf3 Bd6 10. Bxd6 Qxd6 11. h3 Bh5 12. O-O O-O 13. Rfe1 Bg6 14. Bxg6 hxg6 15. Rab1 Rac8 16. Qxb7 Rb8 17. Qa6 Rb6 18. Qd3 Rfb8 19. b3 Nd7 20. Rbc1 Re8 21. Nf1 Rbb8 22. Ne3 Nf6 23. Re2 Nh5 24. Ree1 Nf6 25. Nc2 Rbc8 26. Ne5 Nd7 27. Nxd7 Qxd7 28. Ne3 Qb7 29. Red1 Red8 30. Qe2 Re8 31. Rc2 Qb6 32. Ng4 Re7 33. Rdc1 Rec7 34. Ne5 Na5 35. Qd3 Rd8 36. Rd1 Nc6 37. Nxc6 Qxc6 38. Rdc1 Rdc8 39. Qe2 Qb6 40. Qd3 Qc6 41. Qd2 Kf8 42. c4 Kg8 43. c5 Qb5 44. Qe2 Qb4 45. Qd2 Qb5 46. b4 Rc6 47. Ra1 Ra6 48. Qe2 Qb7 49. a4 Rac6 50. b5 R6c7 51. Rb2 Re7 52. f4 Kf8 53. a5 Qb8 54. Qe5 Qxe5 55. fxe5 Rb8 56. a6 Ree8 57. b6 Ke7 58. Rab1 Ra8 59. bxa7 Rxa7 60. Rb7+ Rxb7 61. Rxb7+ Kf8 62. a7 1-0

[Event "Sparkassen-Open B"]
[Site "Heusenstamm, Martinsee"]
[Date "2023.11.26"]
[Round "6.5"]
[White "Haftmann, Rainer"]
[Black "Niesel, Sebastian"]
[Result "1/2-1/2"]
[WhiteElo "1698"]
[BlackElo "1355"]
[PlyCount "92"]
[EventDate "2023.??.??"]
[WhiteTeam "SAbt SG 1945 Dietzenbach"]
[BlackTeam "SV 1934 Ffm-Griesheim"]

1. e4 e5 2. Nf3 Nc6 3. Bb5 a6 4. Bxc6 dxc6 5. d4 exd4 6. Qxd4 Nf6 7. Qxd8+ Kxd8 8. Bg5 Be7 9. e5 Ne4 10. Bxe7+ Kxe7 11. O-O Nc5 12. Nc3 Bg4 13. Ng5 h6 14. Nge4 Nxe4 15. Nxe4 Bf5 16. Rfe1 Rhd8 17. c3 Bxe4 18. Rxe4 Rd2 19. Rb1 Rad8 20. Kf1 Rc2 21. Re2 Rdd2 22. Rxd2 Rxd2 23. a4 Ke6 24. b3 Kxe5 25. Re1+ Kd6 26. Re3 Rb2 27. b4 Rd2 28. Ke1 Rd5 29. f4 c5 30. g3 cxb4 31. cxb4 Rd4 32. Rb3 Kd5 33. Rc3 Rc4 34. Rd3+ Rd4 35. Rc3 c6 36. Rc5+ Kd6 37. Rf5 f6 38. b5 Rxa4 39. bxc6 bxc6 40. h4 Rb4 41. Ra5 Rb6 42. Ke2 g6 43. g4 c5 44. Ke3 h5 45. gxh5 gxh5 46. Ke4 Ke6 1/2-1/2

[Event "Sparkassen-Open B"]
[Site "Heusenstamm, Martinsee"]
[Date "2023.11.26"]
[Round "6.6"]
[White "Glavev, Danail"]
[Black "Ahrens, Gunnar"]
[Result "1-0"]
[WhiteElo "1361"]
[BlackElo "1661"]
[PlyCount "69"]
[EventDate "2023.??.??"]
[WhiteTeam "SK Bad Homburg 1927"]
[BlackTeam "Delmenhorster SK V 1931"]

1. e4 Nc6 2. Nf3 d6 3. h3 f5 4. exf5 Bxf5 5. Bb5 Qd7 6. d3 a6 7. Ba4 e5 8. Be3 O-O-O 9. c4 Re8 10. Nc3 e4 11. dxe4 Bxe4 12. Nxe4 Rxe4 13. Nd2 Re5 14. b4 d5 15. b5 axb5 16. cxb5 Nb4 17. O-O Nf6 18. b6 c6 19. Bf4 Rf5 20. Bg3 Bd6 21. Nf3 Ne4 22. Bxd6 Qxd6 23. Re1 Nc3 24. Qb3 Nxa4 25. Qxa4 Na6 26. Nd4 Rf6 27. Nxc6 Nb8 28. Nxb8 Qxb6 29. Re8+ Rxe8 30. Qxe8+ Kc7 31. Rc1+ Kd6 32. Qd7+ Ke5 33. Re1+ Kd4 34. Qa4+ Kc5 35. Nd7+ 1-0

[Event "Sparkassen-Open B"]
[Site "Heusenstamm, Martinsee"]
[Date "2023.11.26"]
[Round "6.7"]
[White "Bauer, Ottmar"]
[Black "Burow, Roger"]
[Result "1/2-1/2"]
[WhiteElo "1713"]
[BlackElo "1570"]
[PlyCount "98"]
[EventDate "2023.??.??"]
[WhiteTeam "TSV 1869 Rottendorf"]
[BlackTeam "SV 1920 Kelsterbach"]

1. e4 e5 2. Nf3 Nc6 3. Bb5 a6 4. Ba4 b5 5. Bb3 d6 6. Bd5 Bb7 7. d4 Nf6 8. dxe5 Nxd5 9. exd5 Nxe5 10. O-O Nxf3+ 11. Qxf3 Be7 12. Bd2 Bf6 13. Re1+ Kf8 14. Bc3 Bxc3 15. Nxc3 Qg5 16. Rad1 h5 17. Qe4 Rh6 18. Re3 Re6 19. h4 Rxe4 20. hxg5 Rxe3 21. fxe3 Re8 22. Kf2 Re5 23. Rd4 Rxg5 24. e4 Re5 25. a4 f5 26. axb5 fxe4 27. Ke3 axb5 28. Nxb5 Re7 29. c4 Ba6 30. Nc3 Bc8 31. b4 Ke8 32. Rxe4 Rxe4+ 33. Nxe4 g6 34. c5 dxc5 35. bxc5 Bf5 36. Kf4 Ke7 37. Ng3 Bg4 38. Kg5 Kf7 39. d6 cxd6 40. cxd6 Ke6 41. Kxg6 Kxd6 42. Nxh5 Ke5 43. Kg5 Bc8 44. Nf6 Ke6 45. Kg6 Ke5 46. g3 Bf5+ 47. Kg5 Bc8 48. Ne8 Bd7 49. Ng7 Ke4 1/2-1/2

[Event "Sparkassen-Open B"]
[Site "Heusenstamm, Martinsee"]
[Date "2023.11.26"]
[Round "6.8"]
[White "Naghizade, Farid"]
[Black "Lasschuit, Rene"]
[Result "0-1"]
[WhiteElo "1468"]
[BlackElo "1614"]
[PlyCount "124"]
[EventDate "2023.??.??"]
[WhiteTeam "SC Heusenstamm"]
[BlackTeam "SV Berolina Mitte e.V."]

1. e4 c5 2. Nf3 a6 3. d4 cxd4 4. Nxd4 Nf6 5. Nc3 e5 6. Nf3 Bb4 7. Qd3 O-O 8. Bd2 d6 9. Rd1 Qc7 10. Nd5 Nxd5 11. Qxd5 Be6 12. Qd3 Nc6 13. a3 Bc5 14. b4 Bb6 15. Ng5 Bg4 16. Be2 Bxe2 17. Qxe2 Nd4 18. Qd3 Qxc2 19. Bc1 Qxd3 20. Rxd3 Rac8 21. Kd1 Rc4 22. f4 Rfc8 23. Bd2 Rc2 24. Nf3 Nxf3 25. gxf3 Bd4 26. Ke2 R8c4 27. fxe5 dxe5 28. Rd1 g6 29. f4 exf4 30. Kf3 Be3 31. Bxe3 fxe3 32. Kxe3 Rxh2 33. Rd8+ Kg7 34. R8d7 Rh3+ 35. Kf4 Rh4+ 36. Kg3 Rhxe4 37. Rxb7 Rc3+ 38. Kg2 Rg4+ 39. Kh2 Rh4+ 40. Kg2 Rg4+ 41. Kh2 Rf4 42. a4 Ra3 43. a5 Rb3 44. Rdd7 Rbxb4 45. Rxf7+ Rxf7 46. Rxb4 Rf5 47. Rb7+ Kh6 48. Kg3 Rxa5 49. Ra7 Ra4 50. Rc7 g5 51. Kh3 Kg6 52. Rc6+ Kh5 53. Rc7 h6 54. Rg7 Ra3+ 55. Kg2 Kh4 56. Rd7 g4 57. Rd4 Ra2+ 58. Kh1 Kh3 59. Rd3+ g3 60. Rd1 Rb2 61. Kg1 a5 62. Ra1 a4 0-1

[Event "Sparkassen-Open B"]
[Site "Heusenstamm, Martinsee"]
[Date "2023.11.26"]
[Round "6.9"]
[White "Fettig, Michel"]
[Black "Carvelli, Nicolas"]
[Result "1-0"]
[WhiteElo "1469"]
[BlackElo "1462"]
[PlyCount "69"]
[EventDate "2023.??.??"]
[WhiteTeam "SC ML Kastellaun"]
[BlackTeam "SF Seligenstadt 05"]

1. c4 c6 2. g3 d5 3. cxd5 cxd5 4. d4 Nf6 5. Bg2 Nc6 6. Nc3 e6 7. Bf4 Bd6 8. Bxd6 Qxd6 9. e3 O-O 10. Nge2 a6 11. a3 b5 12. b4 Bb7 13. O-O Rac8 14. Nf4 Nxb4 15. Nxb5 axb5 16. axb4 Qxb4 17. Nd3 Qd6 18. Qb3 Nd7 19. Qxb5 Rc7 20. Rfc1 Rfc8 21. Qxb7 Rxb7 22. Rxc8+ Nf8 23. Raa8 g6 24. Rxf8+ Kg7 25. Rg8+ Kf6 26. h4 Qb6 27. Ra1 Qb5 28. Ne5 h5 29. Nf3 Qe2 30. Ng5 Rb2 31. Rf1 Rb7 32. e4 e5 33. dxe5+ Kxe5 34. exd5 Ra7 35. Re8+ 1-0

[Event "Sparkassen-Open B"]
[Site "Heusenstamm, Martinsee"]
[Date "2023.11.26"]
[Round "6.10"]
[White "Ghaznavi, Massoud"]
[Black "Kuchta, Maksim"]
[Result "0-1"]
[WhiteElo "1563"]
[BlackElo "1415"]
[PlyCount "80"]
[EventDate "2023.??.??"]
[WhiteTeam "SV Oberursel"]
[BlackTeam "SC Heusenstamm"]

1. d4 Nf6 2. e3 g6 3. Nf3 Bg7 4. Be2 O-O 5. O-O d6 6. h3 Nbd7 7. c4 e5 8. d5 a5 9. Nc3 Nc5 10. a4 c6 11. Re1 Bf5 12. Nh4 Nfe4 13. Nxf5 Nxc3 14. Nh6+ Bxh6 15. bxc3 Ra6 16. Rb1 Rb6 17. Rxb6 Qxb6 18. Ba3 Rd8 19. dxc6 bxc6 20. Bf3 e4 21. Bxc5 dxc5 22. Qe2 exf3 23. Qxf3 Bg7 24. e4 Qb3 25. e5 Qxc4 26. Qxc6 Qxc3 27. Re3 Bxe5 28. g3 Qd4 29. Qb6 Bf6 30. Qxa5 c4 31. Qc7 c3 32. Kf1 Qd1+ 33. Re1 Qd3+ 34. Kg2 Bg5 35. f4 Qd2+ 36. Kf1 Bf6 37. Re2 Qd1+ 38. Re1 Qf3+ 39. Kg1 Bd4+ 40. Kh2 Qf2+ 0-1

[Event "Sparkassen-Open B"]
[Site "Heusenstamm, Martinsee"]
[Date "2023.11.26"]
[Round "6.11"]
[White "Fang, Borui"]
[Black "Klein, Raphael"]
[Result "1-0"]
[WhiteElo "1515"]
[BlackElo "1458"]
[PlyCount "29"]
[EventDate "2023.??.??"]
[WhiteTeam "SV Oberursel"]
[BlackTeam "SV 1926 Riegelsberg"]

1. e4 e5 2. Nc3 Nf6 3. f4 d5 4. fxe5 Nxe4 5. Qf3 Nxc3 6. bxc3 d4 7. Bc4 Qd7 8. cxd4 Bb4 9. c3 Ba5 10. Ba3 Nc6 11. Nh3 h6 12. O-O Nd8 13. e6 fxe6 14. Qf8+ Rxf8 15. Rxf8# 1-0

[Event "Sparkassen-Open B"]
[Site "Heusenstamm, Martinsee"]
[Date "2023.11.26"]
[Round "6.12"]
[White "Mönch, Dorothée"]
[Black "Dietrich, Fabian"]
[Result "1-0"]
[WhiteElo "1736"]
[BlackElo "1413"]
[PlyCount "57"]
[EventDate "2023.??.??"]
[WhiteTeam "Sfr.Mainz 1928"]
[BlackTeam "SK Marburg 1931/72"]

1. Nf3 d5 2. c4 e6 3. cxd5 exd5 4. g3 Nf6 5. Bg2 Nc6 6. O-O Be7 7. d4 O-O 8. Nc3 Bf5 9. Bf4 a6 10. Ne5 Na7 11. Qb3 Rb8 12. Nxd5 Nb5 13. Nxe7+ Qxe7 14. Be3 Ng4 15. Nxg4 Bxg4 16. Qc2 Rfd8 17. Rfd1 b6 18. h3 Bh5 19. g4 Bg6 20. Qd2 Be4 21. f3 Bg6 22. a4 Nxd4 23. Bxd4 c5 24. Qe3 Qxe3+ 25. Bxe3 Rxd1+ 26. Rxd1 Bc2 27. Ra1 Re8 28. Kf2 f6 29. a5 1-0

[Event "Sparkassen-Open B"]
[Site "Heusenstamm, Martinsee"]
[Date "2023.11.26"]
[Round "6.13"]
[White "Ziegler, Christopher"]
[Black "Steinke, Hans-Jörg"]
[Result "1-0"]
[WhiteElo "1524"]
[BlackElo "1701"]
[PlyCount "87"]
[EventDate "2023.??.??"]
[WhiteTeam "SV 1920 Kelsterbach"]
[BlackTeam "SV Erkenschwick 1923 e"]

1. e4 e6 2. d4 d5 3. exd5 exd5 4. Bd3 Bd6 5. Nf3 Nf6 6. Bg5 Bg4 7. h3 Bh5 8. Qe2+ Qe7 9. Bxf6 Qxe2+ 10. Bxe2 gxf6 11. Nbd2 Nd7 12. O-O-O O-O-O 13. Rde1 c5 14. g3 c4 15. Nh4 Bg6 16. Bf3 Nb6 17. Nf1 Rhe8 18. Rxe8 Rxe8 19. Ne3 Be4 20. Bg4+ Kc7 21. Re1 a5 22. Nef5 Rg8 23. Nh6 Rg7 24. N4f5 Bxf5 25. Nxf5 Rg5 26. Re8 h5 27. f4 hxg4 28. fxg5 gxh3 29. Nxd6 Kxd6 30. gxf6 Nd7 31. Rh8 Nxf6 32. Rxh3 Ne4 33. Rh6+ f6 34. g4 Ke6 35. Rh7 b5 36. Rg7 Nd6 37. Kd2 b4 38. Ra7 Nb5 39. Ra6+ Kf7 40. Rxa5 Nxd4 41. Rxd5 Nf3+ 42. Ke3 Ne5 43. Rxe5 fxe5 44. Ke4 1-0

[Event "Sparkassen-Open B"]
[Site "Heusenstamm, Martinsee"]
[Date "2023.11.26"]
[Round "6.14"]
[White "Plotnikow, Jewgeni"]
[Black "Bengsch, Norbert"]
[Result "0-1"]
[WhiteElo "1507"]
[BlackElo "1604"]
[PlyCount "44"]
[EventDate "2023.??.??"]
[WhiteTeam "SK Gründau"]
[BlackTeam "SG Donautal Tuttlingen"]

1. c4 e5 2. Nc3 Nc6 3. e3 Nf6 4. Qc2 d5 5. cxd5 Nxd5 6. Bb5 a6 7. Bxc6+ bxc6 8. Nf3 Bd6 9. Qe4 O-O 10. Nxd5 cxd5 11. Qxd5 Be6 12. Qa5 h6 13. Nxe5 Qg5 14. f4 Qxg2 15. Rf1 Bxe5 16. Qxe5 Bc4 17. Kd1 Qxf1+ 18. Kc2 Qd3+ 19. Kd1 Rfe8 20. Qc3 Rad8 21. Qxd3 Bxd3 22. b3 Rd5 0-1

[Event "Sparkassen-Open B"]
[Site "Heusenstamm, Martinsee"]
[Date "2023.11.26"]
[Round "6.15"]
[White "Fernandez Garcia, Alfonso Javier"]
[Black "Fettig, Konrad"]
[Result "1/2-1/2"]
[WhiteElo "1600"]
[BlackElo "1496"]
[PlyCount "84"]
[EventDate "2023.??.??"]
[WhiteTeam "SV 1926 Neu-Isenburg"]
[BlackTeam "SC ML Kastellaun"]

1. e4 c5 2. Nf3 d6 3. c3 Nf6 4. Bd3 g6 5. O-O Bg7 6. Bc2 Nc6 7. Re1 e5 8. h3 O-O 9. d3 h6 10. Nbd2 Kh7 11. Nf1 Nh5 12. Ne3 Nf4 13. Nd5 Nxd5 14. exd5 Ne7 15. c4 f5 16. Nh2 f4 17. Bd2 Nf5 18. Bc3 Nh4 19. Nf3 Nxf3+ 20. Qxf3 Bf5 21. Rac1 Qh4 22. Bd1 Rg8 23. Be2 Bf6 24. Red1 g5 25. Qh5 Qxh5 26. Bxh5 g4 27. Bxg4 Bxg4 28. hxg4 Rxg4 29. f3 Rg6 30. Rc2 Rag8 31. Rf1 h5 32. b4 b6 33. b5 h4 34. Kh2 Rh6 35. Be1 Kg7 36. Kh3 Kf7 37. Bf2 Ra8 38. Rb1 Bd8 39. Rbb2 Kf6 40. a4 Bc7 41. Ra2 Kg5 42. Be1 Bd8 1/2-1/2

[Event "Sparkassen-Open B"]
[Site "Heusenstamm, Martinsee"]
[Date "2023.11.26"]
[Round "6.16"]
[White "Henzelmann, Matthias"]
[Black "Fuchs, Andreas"]
[Result "0-1"]
[WhiteElo "1469"]
[BlackElo "1609"]
[PlyCount "114"]
[EventDate "2023.??.??"]
[WhiteTeam "SC Heuchelheim"]
[BlackTeam "SC Ober-Ramstadt"]

1. d4 Nf6 2. c4 g6 3. Nc3 Bg7 4. e4 d6 5. g3 O-O 6. Bg2 e5 7. d5 c6 8. Nf3 cxd5 9. cxd5 Nbd7 10. O-O Kh8 11. Rb1 Ng8 12. Qc2 f5 13. exf5 gxf5 14. h3 f4 15. gxf4 exf4 16. Ne4 Ne5 17. Neg5 Nxf3+ 18. Nxf3 Bf5 19. Qb3 Bxb1 20. Bxf4 Bxa2 21. Qxa2 Rxf4 22. Qb3 Qf6 23. Qxb7 Rf8 24. Qxa7 Rxf3 25. Bxf3 Qxf3 26. Qe3 Qxe3 27. fxe3 Rxf1+ 28. Kxf1 Bxb2 29. Ke2 Nf6 30. Kf3 Be5 31. e4 Kg7 32. Ke3 Kh6 33. Kf3 Kh5 34. Kg2 Nxe4 35. Kf3 Nc3 36. Kg2 Nxd5 37. Kf3 Kh4 38. Kg2 Nf4+ 39. Kf3 Nxh3 40. Ke4 Kg4 41. Kd5 Kf4 42. Kc4 h5 43. Kd5 Nf2 44. Kc4 h4 45. Kd5 h3 46. Kc4 h2 47. Kd5 h1=Q+ 48. Ke6 Qh3+ 49. Kd5 Qd3+ 50. Ke6 d5 51. Ke7 Qa6 52. Kf7 d4 53. Ke7 d3 54. Kd7 d2 55. Ke7 d1=Q 56. Ke8 Qe6+ 57. Kf8 Qd8# 0-1

[Event "Sparkassen-Open B"]
[Site "Heusenstamm, Martinsee"]
[Date "2023.11.26"]
[Round "6.17"]
[White "Gräßer, Malte"]
[Black "Shymanskyi, Illia"]
[Result "1-0"]
[WhiteElo "1462"]
[BlackElo "1301"]
[PlyCount "75"]
[EventDate "2023.??.??"]
[WhiteTeam "Sfr.Heidesheim"]
[BlackTeam "SC Steinbach"]

1. e4 c5 2. Nf3 Nc6 3. d4 cxd4 4. Nxd4 e5 5. Nb5 Nf6 6. N1c3 a6 7. Nd6+ Bxd6 8. Qxd6 Qe7 9. Qxe7+ Kxe7 10. Be3 d6 11. O-O-O Be6 12. Nd5+ Bxd5 13. exd5 Nb8 14. f3 Nbd7 15. g3 Rhe8 16. Bg2 Rac8 17. Rhe1 Nc5 18. f4 Ncd7 19. Bh3 Rcd8 20. g4 Kf8 21. g5 Ng8 22. Rf1 f6 23. Be6 Nc5 24. Bxc5 dxc5 25. fxe5 Ke7 26. exf6+ gxf6 27. Rde1 Kd6 28. gxf6 Rf8 29. f7 Ne7 30. Rf6 Kc7 31. c4 Rd6 32. h4 Ng6 33. h5 Nh8 34. Rg1 Rdd8 35. Rh6 Kb8 36. Rxh7 Ka7 37. Rg8 Kb8 38. Rhxh8 1-0

[Event "Sparkassen-Open B"]
[Site "Heusenstamm, Martinsee"]
[Date "2023.11.26"]
[Round "6.18"]
[White "Hofmann, André"]
[Black "Barsov, Mikhail"]
[Result "0-1"]
[WhiteElo "1380"]
[BlackElo "1405"]
[PlyCount "100"]
[EventDate "2023.??.??"]
[WhiteTeam "Düsseldorfer SV 1854"]
[BlackTeam "SK Gräfelfing"]

1. d4 d5 2. Bf4 Nf6 3. Nf3 Nc6 4. e3 Bf5 5. Bd3 Bg6 6. Nbd2 e6 7. O-O Bd6 8. Re1 Bxf4 9. exf4 O-O 10. Ne5 Nxd4 11. Bxg6 hxg6 12. Ndf3 Nxf3+ 13. Qxf3 c6 14. Ng4 Ne4 15. Qh3 Qb6 16. Qb3 Rfd8 17. Kh1 Qc7 18. f3 Nd6 19. Qd3 Kh7 20. g3 Nf5 21. Qf1 Rh8 22. c3 Kg8 23. Kg2 Qb6 24. Qe2 d4 25. Rac1 Rd8 26. Red1 c5 27. c4 Qc6 28. b3 Kh7 29. Rd3 Rhe8 30. h4 Kg8 31. h5 gxh5 32. Nh2 h4 33. gxh4 Nxh4+ 34. Kh3 Nf5 35. Ng4 Qc7 36. Qe4 Qe7 37. Rh1 Qh4+ 38. Kg2 Qg3+ 39. Kf1 Nh4 40. Rh2 f5 41. Qe1 Qxe1+ 42. Kxe1 Nxf3+ 43. Rxf3 fxg4 44. Rg3 e5 45. f5 Rf8 46. Rh5 Kf7 47. Rxg4 Rde8 48. Re4 Kf6 49. Reh4 e4 50. Rf4 e3 0-1

[Event "Sparkassen-Open B"]
[Site "Heusenstamm, Martinsee"]
[Date "2023.11.26"]
[Round "6.19"]
[White "Müller, Jens"]
[Black "Pishnograev, Ilya"]
[Result "1/2-1/2"]
[WhiteElo "1497"]
[BlackElo "1300"]
[PlyCount "57"]
[EventDate "2023.??.??"]
[WhiteTeam "SV 1920 Hofheim"]
[BlackTeam "SK Bad Homburg 1927"]

1. e4 e5 2. Nf3 Nc6 3. Bc4 Bc5 4. c3 d6 5. d4 Bb6 6. dxe5 Bg4 7. Be2 Nxe5 8. O-O Ne7 9. Nxe5 Bxe2 10. Qxe2 dxe5 11. Rd1 Qc8 12. Bg5 f6 13. Be3 O-O 14. Na3 Bxe3 15. Qxe3 b6 16. Nc2 Ng6 17. Nb4 c5 18. Nd5 Kh8 19. Rd2 f5 20. exf5 Rxf5 21. c4 Qc6 22. Rad1 a5 23. Qd3 Raf8 24. b3 Nf4 25. Nxf4 Rxf4 26. Qg3 Qf6 27. Rd6 Qf5 28. Rd7 Rg4 29. Qe3 1/2-1/2

[Event "Sparkassen-Open B"]
[Site "Heusenstamm, Martinsee"]
[Date "2023.11.26"]
[Round "6.20"]
[White "Bardorz, Christoph"]
[Black "Moldenhauer, Nils"]
[Result "1-0"]
[WhiteElo "1713"]
[BlackElo "1453"]
[PlyCount "69"]
[EventDate "2023.??.??"]
[WhiteTeam "TSV 1869 Rottendorf"]
[BlackTeam "SV Oberursel"]

1. e4 e5 2. Nf3 Nc6 3. Nc3 Nf6 4. d4 exd4 5. Nxd4 Bb4 6. Nxc6 bxc6 7. Bd3 O-O 8. O-O Re8 9. Qf3 h6 10. h3 d5 11. exd5 cxd5 12. Ne2 c6 13. b3 Be6 14. c3 Ba5 15. b4 Bc7 16. Bf4 Bxf4 17. Nxf4 Qc7 18. Rfe1 Bd7 19. Kf1 Re5 20. Rxe5 Qxe5 21. Re1 Qd6 22. Qe3 Re8 23. Qd4 Qc7 24. Rxe8+ Nxe8 25. Nh5 f6 26. Bg6 Qb6 27. Bxe8 Qxd4 28. cxd4 Bxe8 29. Nf4 Kf7 30. h4 g5 31. hxg5 hxg5 32. Nd3 Bd7 33. Ke2 Kg6 34. g3 f5 35. Ne5+ 1-0

[Event "Sparkassen-Open B"]
[Site "Heusenstamm, Martinsee"]
[Date "2023.11.26"]
[Round "6.21"]
[White "Karres, David Tobias"]
[Black "Kupke, Jonas"]
[Result "0-1"]
[WhiteElo "1450"]
[BlackElo "1438"]
[PlyCount "38"]
[EventDate "2023.??.??"]
[WhiteTeam "SF Heidelberg"]
[BlackTeam "Wiesbadener SV 1885"]

1. e4 e5 2. Nc3 Nf6 3. f4 d5 4. fxe5 Nxe4 5. Qf3 Nc6 6. d4 Nxd4 7. Qd3 Qh4+ 8. g3 Nxg3 9. hxg3 Nxc2+ 10. Qxc2 Qxh1 11. Be3 c6 12. O-O-O Bg4 13. Qb3 Be7 14. Qxb7 O-O 15. Rd4 Bg5 16. Bxg5 Qxg1 17. Rxg4 Qxf1+ 18. Kd2 Rab8 19. Bf6 g6 0-1

[Event "Sparkassen-Open B"]
[Site "Heusenstamm, Martinsee"]
[Date "2023.11.26"]
[Round "6.22"]
[White "Goodwin, David"]
[Black "Lopez Fuertes, Victor"]
[Result "0-1"]
[WhiteElo "1469"]
[BlackElo "1614"]
[PlyCount "88"]
[EventDate "2023.??.??"]
[WhiteTeam "SV 1920 Kelsterbach"]
[BlackTeam "SC 1910 Höchst"]

1. Nf3 b6 2. g3 Bb7 3. Bg2 e6 4. O-O d6 5. d3 Ne7 6. e4 Nd7 7. Nc3 g6 8. b4 a6 9. Bb2 Bg7 10. Rb1 h6 11. Nd5 Bxb2 12. Nxe7 Bg7 13. Nxg6 fxg6 14. Nh4 Nf8 15. d4 Qe7 16. d5 g5 17. Qh5+ Qf7 18. Qxf7+ Kxf7 19. dxe6+ Nxe6 20. Nf5 Be5 21. Bf3 Kf6 22. h4 gxh4 23. Nxh4 Ng5 24. Rfe1 Nxf3+ 25. Nxf3 Bc8 26. Nh2 Bh3 27. Re3 Be6 28. f4 Bd4 29. e5+ dxe5 30. fxe5+ Kg6 31. Rbe1 Rhe8 32. Nf3 Bxe3+ 33. Rxe3 Bxa2 34. Rc3 Rac8 35. Rc6+ Re6 36. Rc3 c5 37. Nh4+ Kh7 38. Nf3 Bd5 39. g4 Bxf3 40. Rxf3 cxb4 41. Rd3 Rxc2 42. Rd7+ Kg6 43. Rd6 Rxd6 44. exd6 Rd2 0-1

[Event "Sparkassen-Open B"]
[Site "Heusenstamm, Martinsee"]
[Date "2023.11.26"]
[Round "6.23"]
[White "Dick, Markus"]
[Black "Traut, Stefan"]
[Result "1-0"]
[WhiteElo "1408"]
[BlackElo "1557"]
[PlyCount "61"]
[EventDate "2023.??.??"]
[WhiteTeam "SV 1934 Ffm-Griesheim"]
[BlackTeam "SF Heusenstamm"]

1. e4 c5 2. d4 cxd4 3. c3 d3 4. Bxd3 d6 5. Nf3 Nf6 6. c4 g6 7. Nc3 Bg7 8. O-O Nc6 9. Be3 O-O 10. h3 Bd7 11. Qd2 Rc8 12. Rfd1 a6 13. Nd5 Nxd5 14. exd5 Ne5 15. Nxe5 Bxe5 16. Rac1 Re8 17. Qb4 Qc7 18. Bb6 Qb8 19. Qd2 Bf6 20. b3 e5 21. Be4 Kg7 22. Qe3 Bd8 23. Bxd8 Rexd8 24. g4 Rc7 25. Qg3 Rdc8 26. Bd3 b5 27. f4 Qb6+ 28. Kh2 exf4 29. Qxf4 Re8 30. Rf1 Re7 31. Qf6+ 1-0

[Event "Sparkassen-Open B"]
[Site "Heusenstamm, Martinsee"]
[Date "2023.11.26"]
[Round "6.24"]
[White "Longerich, Hans-Peter"]
[Black "Heller, Holger"]
[Result "1/2-1/2"]
[WhiteElo "1431"]
[BlackElo "1547"]
[PlyCount "49"]
[EventDate "2023.??.??"]
[WhiteTeam "SC Bayer Leverkusen e. V"]
[BlackTeam "SAbt TuS Dotzheim"]

1. e4 e5 2. Nf3 d6 3. d4 exd4 4. Nxd4 Be7 5. Nc3 Nf6 6. Be2 Nc6 7. Be3 O-O 8. O-O Nxd4 9. Bxd4 Be6 10. a3 Qd7 11. f3 Nh5 12. Be3 g5 13. f4 Nxf4 14. Bxf4 gxf4 15. Rxf4 Bg5 16. Rf1 Be3+ 17. Kh1 Kh8 18. Nd5 Bg5 19. Qd4+ f6 20. Qd3 Qg7 21. Nf4 Rae8 22. Nxe6 Rxe6 23. Bg4 Re5 24. Bf5 Rg8 25. Qh3 1/2-1/2